2021 Annual Audit CR of Nusrat Jahan Ahmadiya College Of Education, WA (Record no. 2926)

MARC details
000 -LEADER
fixed length control field 00427nam a2200145Ia 4500
008 - FIXED-LENGTH DATA ELEMENTS--GENERAL INFORMATION
fixed length control field 240429s9999||||xx |||||||||||||| ||und||
041 ## - LANGUAGE CODE
Language code of text/sound track or separate title eng
082 ## - DEWEY DECIMAL CLASSIFICATION NUMBER
Classification number CR/NJA/21
100 ## - MAIN ENTRY--PERSONAL NAME
Personal name Parliament of Ghana
245 #0 - TITLE STATEMENT
Title 2021 Annual Audit CR of Nusrat Jahan Ahmadiya College Of Education, WA
300 ## - PHYSICAL DESCRIPTION
Extent 37p:tabs
650 ## - SUBJECT ADDED ENTRY--TOPICAL TERM
Topical term or geographic name entry element 2021 Annual Audit CR of Nusrat Jahan Ahmadiya College Of Education, WA
942 ## - ADDED ENTRY ELEMENTS (KOHA)
Koha item type Committee Reports
Holdings
Withdrawn status Lost status Damaged status Not for loan Home library Current library Shelving location Date acquired Total checkouts Full call number Date last seen Copy number Price effective from Koha item type
        Main Library Main Library Open Shelves 03/04/2023   CR/NJA/21 5601 C1 - CR/NJA/21 5604 C2 - CR/NJA/21 5605 C3 29/04/2024 1 29/04/2024 Committee Reports
©2026  Parliament of Ghana Library - All rights reserved